000 01548naa a22003377a 4500
001 BR8401937
003 BR-BrBNA
005 20250721154440.0
007 ta
008 250630b bl.|||m| |||| 00| 0 por d
040 _aBR-BrBNA
_bpor
_cBiblioteca Nacional de Agricultura
041 _a(Pt)
072 _aH20
_b0180
_b4120
_b3875
_bG514
090 _aH20 BR8401937
100 1 _aPicinini, E.C.
100 1 _aPrestes, A.M.
111 1 _a13. Reuniao Nacional de Pesquisa de Trigo
_cCruz Alta, RS (Brazil)
_d16-20 Jul 1984
245 1 _aComportamento de cultivares de trigo ao tratamento fungicida em 1982 [Triticum aestivum, ferrugem da folha, Brasil]
246 1 _aBehaviour of wheat cultivars regarding fungicide treatment in 1982 [Triticum aestivum, leaf rust, Brazil]
246 1 _aResearch findings from the National Center of Wheat Research presented at the 13. RENAPET
500 _aResultados de pesquisa do Centro Nacional de Pesquisa de Trigo apresentados na 13. RENAPET Passo Fundo, RS (Brasil): 1984. p. 54-63 [7 ref.; Summary (Pt)] (BR8401937-AMS)
773 0 _tResultados de pesquisa do Centro Nacional de Pesquisa de Trigo apresentados na 13. RENAPET
_wH20 BR8401937
_gPasso Fundo, RS (Brasil), 1984. p. 54-63
650 _aDOENCA DE PLANTA
650 _aTRIGO
650 _aFERRUGEM ALARANJADA
650 _aCOMPORTAMENTO DE VARIEDADE
650 _aCONTROLE QUIMICO
490 _aDocumentos - Centro Nacional de Pesquisa de Trigo (Brazil)
_vno. 7
942 _cAMS
_2AGRIS
909 _a202506
_bLúcia
_c55
_dLúcia Elande
999 _c334830
_d334830